000 00717nam a2200181Ia 4500
008 100920s9999 xx 000 0 und d
082 _b40077
_a320 थ 67
100 _aअनु. देवगिरीकर त्र्यं. र.
245 _aपाकिस्तानची राज्यघटना.
260 _bचित्रशाळा प्रेस प्रकाशन, पुणे 2.
_c1967
300 _a143
_bसाधी
365 _b5
520 _aराजकारण.
630 _aपाकिस्तानची राज्यघटना.
650 _aराजकारण.
730 _aपाकिस्तानची राज्यघटना.
942 _cBOOK
999 _c691299
_d691296